[Event "Polgar Challenge 2021"]
[Site "Online"]
[Date "2021.04.04"]
[Round "17.10"]
[White "Mammadzada, Gunay"]
[Black "Nihal Sarin"]
[Result "0-1"]
[WhiteElo "2443"]
[BlackElo "2620"]
[Annotator "TA"]
[PlyCount "116"]
[EventDate "2021.04.08"]
[EventType "tourn"]
[EventCountry "NET"]
[SourceTitle "playchess.com"]
[Source "ChessBase"]
[SourceQuality "1"]

{[%evp 10,116,41,3,0,0,0,0,0,-14,0,-36,18,25,34,30,35,0,27,17,26,0,3,0,0,0,0,0,12,-10,0,-18,-14,-18,-21,-24,-25,-21,-21,-36,-26,-31,-29,-25,-17,-18,-20,-15,-18,-33,-28,-37,-37,-32,-23,-88,-94,-85,-80,-91,-79,-349,-347,-327,-318,-485,-492,-492,-477,-460,-414,-563,-555,-377,-312,-181,-35,-403,-404,-399,-388,-350,-324,-406,-393,-5364,-5269,-5089,-4718,-1780,-408,-403,-393,-378,0,0,0,0,0,0,0,-5076,-5052,-4133,-4133,-29984,-29985,-29988,-29989]} 1. e4 e5 2. Nf3 Nc6 3. Bb5 a6 4. Ba4 Bc5 5. O-O d6 6. h3 Nge7 {C70: Ruy Lopez: 3...a6 4 Ba4, Norwegian and Delayed Schliemann.} 7. c3 O-O 8. d4 Ba7 {[#] The position is equal.} 9. Bg5 $146 ({Predecessor:} 9. Re1 b5 10. Bb3 Ng6 11. a4 bxa4 12. Rxa4 Rb8 13. Bc4 Nh4 14. d5 Nxf3+ 15. Qxf3 {1-0 (56) Pineiro,D (2198)-Lallana Yanez,D (2003) Montevideo 2011}) 9... f6 10. Be3 Kh8 ({Black should play} 10... f5 $1 $15) 11. Nbd2 $11 Bd7 12. Re1 Be8 13. d5 Nb8 14. Bxe8 {Threatens to win with Bxa7.} Qxe8 15. Qb3 Bxe3 16. Rxe3 Ra7 17. c4 Nd7 18. Qc3 h6 19. Re2 Ra8 20. Rc1 a5 21. b3 f5 22. exf5 Nxf5 23. Ne4 b6 24. a3 Qg6 25. Kh2 Nf6 26. Ng3 Nxg3 27. fxg3 Kg8 28. Qe3 Rf7 29. g4 Raf8 30. b4 axb4 31. axb4 b5 32. Nh4 (32. cxb5 $11 {keeps the balance.} Nxd5 33. Qb3) 32... Nxg4+ $17 33. hxg4 Qxg4 {[%mdl 64] Double Attack} 34. g3 g5 $36 {[%mdl 2048] Black has strong initiative.} ({Reject} 34... bxc4 $6 35. Rec2 $11) 35. Ng2 {[%mdl 8192] [#]} (35. Qe4 $17 {was forced.} Qxe4 36. Rxe4 gxh4 37. Rxh4) 35... Rf1 $1 $19 (35... bxc4 36. Qe4 $16) 36. Rxf1 Rxf1 37. Rf2 (37. Re1 {keeps fighting.} Qh5+ 38. Nh4 Rxe1 39. Qxe1) 37... Qh5+ 38. Nh4 Rxf2+ 39. Qxf2 gxh4 40. cxb5 hxg3+ 41. Kxg3 {[%mdl 4096] Endgame KQ-KQ} Qg5+ 42. Kh3 Kg7 ({Black should try} 42... e4 $19 43. Qc2 Qh5+ 44. Kg3 Qg5+ 45. Kh3 Qf5+ 46. Kh2 Qh5+ 47. Kg3 Qe5+ 48. Kg2 Qe7) 43. Qa7 $2 {[%mdl 8192]} (43. b6 $1 $15 cxb6 44. Qxb6) 43... Qf5+ 44. Kh2 Qf4+ 45. Kh3 Qf7 ({Worse is} 45... Qxb4 46. Qxc7+ Kg6 47. b6 $11) 46. Qb7 e4 47. Qc6 $2 (47. Qa7) 47... Kg6 48. b6 Qf3+ 49. Kh2 Qf2+ (49... Qf4+ $142 50. Kg2 cxb6 51. Qxb6 e3) 50. Kh3 {Threatening Qe8+.} Qe3+ 51. Kg2 {[#]} Qxb6 $2 (51... Qg5+ $1 $19 52. Kh1 Qh5+ 53. Kg1 Qg4+ 54. Kh1 Qf3+ 55. Kg1 Qg3+ 56. Kf1 Qf4+ 57. Ke2 cxb6 58. Qxb6 Kf5) 52. Qe8+ $11 Kf5 53. Qe6+ $1 Kf4 54. Qf6+ $1 Ke3 55. Qxh6+ $2 {[%mdl 8192]} (55. Qc3+ $11 Kf4 56. Qf6+ Kg4 57. Qg6+ Kf4 58. Qf6+) 55... Kd3 56. Qh7 Qxb4 57. Qxc7 e3 58. Qh7+ Qe4+ {Weighted Error Value: White=0.79/Black=0.39} 0-1

[Event "Polgar Challenge 2021"]
[Site "Online"]
[Date "2021.04.04"]
[Round "18.1"]
[White "Zhu, Jiner"]
[Black "Nihal Sarin"]
[Result "0-1"]
[WhiteElo "2459"]
[BlackElo "2620"]
[Annotator "TA"]
[PlyCount "66"]
[EventDate "2021.04.08"]
[EventType "tourn"]
[EventCountry "NET"]
[SourceTitle "playchess.com"]
[Source "ChessBase"]
[SourceQuality "1"]

{[%evp 10,66,42,42,38,11,18,0,0,-8,0,-23,14,-43,9,-26,18,9,10,5,7,-17,0,-56,0,0,34,-38,-12,-13,-27,-41,-50,-47,-35,-32,-39,-59,-56,-53,-24,-83,-102,-149,-139,-175,-171,-165,-171,-217,-218,-324,-148,-124,-153,-181,-163,-623,-615]} 1. e4 e5 2. Nf3 Nc6 3. Bb5 a6 4. Ba4 Bc5 5. O-O d6 6. c3 Ba7 {C70: Ruy Lopez: 3...a6 4 Ba4, Norwegian and Delayed Schliemann.} 7. h3 Nge7 8. d4 O-O {[#] The position is equal.} 9. Bg5 $146 ({Predecessor:} 9. Re1 b5 10. Bb3 Ng6 11. a4 bxa4 12. Rxa4 Rb8 13. Bc4 Nh4 14. d5 Nxf3+ 15. Qxf3 {1-0 (56) Pineiro,D (2198)-Lallana Yanez,D (2003) Montevideo 2011}) 9... f6 10. Be3 Kh8 11. Bb3 (11. Re1 $11) 11... Bd7 (11... f5 $1 $15) 12. Re1 Be8 13. Nbd2 Bh5 14. g4 Bg6 15. Be6 d5 16. exd5 ({White should try} 16. dxe5 $1 $11 dxe4 17. Nh4) 16... Nxd5 (16... exd4 $1 $15 17. Bxd4 Nxd4 18. cxd4 Nxd5 19. Bxd5 Qxd5) 17. Bxd5 $14 Qxd5 18. c4 (18. dxe5 $14 Bxe3 19. Rxe3) 18... Qd7 {[%cal Re5d4]} 19. d5 Ne7 20. Bxa7 Rxa7 21. Nh4 Raa8 22. Qe2 c6 23. dxc6 Qxc6 24. Rad1 Rad8 {White must now prevent ...Bd3.} 25. Nxg6+ (25. Nf1 $11 {remains equal.}) 25... Nxg6 $17 26. Qe4 Qb6 27. Nb3 Nf4 28. c5 Qb5 ({Worse is} 28... Nxh3+ 29. Kh2 $18 (29. Kg2 Qc6 $11)) 29. Kh2 a5 30. Rd6 (30. Qe3 {was worth a try.}) 30... Rxd6 (30... a4 $19 31. Rb6 Qd3 32. Qxd3 Nxd3) 31. cxd6 Qb6 32. Qe3 Qxd6 33. Nxa5 $2 {[#]} (33. Qc5 Qxc5 34. Nxc5) 33... Qd5 $1 {[%csl Gf4,LRa2,LRa5][%cal Rd5g2][%mdl 64] Double Attack.  Weighted Error Value: White=0.47/Black=0.21} 0-1

[Event "Polgar Challenge 2021"]
[Site "Online"]
[Date "2021.04.04"]
[Round "18.2"]
[White "Badelka, Olga"]
[Black "Mammadzada, Gunay"]
[Result "0-1"]
[WhiteElo "2433"]
[BlackElo "2443"]
[Annotator "NA"]
[PlyCount "156"]
[EventDate "2021.04.08"]
[EventType "tourn"]
[EventCountry "NET"]
[SourceTitle "playchess.com"]
[Source "ChessBase"]
[SourceQuality "1"]
[TimeControl "600+5"]

1. Nf3 {[%emt 0:00:00]} d5 {[%emt 0:00:00]} 2. g3 {[%emt 0:00:00]} c6 {[%emt 0:00:00]} 3. Bg2 {[%emt 0:00:00]} Nf6 {[%emt 0:00:00]} 4. O-O {[%emt 0:00:00]} Bg4 {[%emt 0:00:00]} 5. h3 {[%emt 0:00:02]} Bh5 {[%emt 0:00:02]} 6. d4 {[%emt 0:00:01]} e6 {[%emt 0:00:31]} 7. c4 {[%emt 0:00:02]} Nbd7 {[%emt 0:00:19]} 8. cxd5 {[%emt 0:00:05]} exd5 {[%emt 0:00:04]} 9. Nh4 {[%emt 0:00:01]} Bg6 {[%emt 0:00:03]} 10. Nc3 {[%emt 0:00:01]} Bd6 {[%emt 0:00:19]} 11. Nxg6 {[%emt 0:00:14]} hxg6 {[%emt 0:00:02]} 12. Qd3 {[%emt 0:00:02]} O-O {[%emt 0:00:32]} 13. h4 {[%emt 0:00:21]} Re8 {[%emt 0:00:21]} 14. Bg5 {[%emt 0:00:17]} Qb6 {[%emt 0:00:12]} 15. Bf3 {[%emt 0:01:12]} Be7 {[%emt 0:00:46]} 16. Kg2 {[%emt 0:00:38]} Nf8 {[%emt 0:00:44]} 17. b3 {[%emt 0:00:56]} Ne6 {[%emt 0:00:09]} 18. Bxf6 {[%emt 0:00:20]} Bxf6 {[%emt 0:00:02]} 19. e3 {[%emt 0:00:01]} Rad8 {[%emt 0:01:46]} 20. Rh1 {[%emt 0:00:49]} Nf8 {[%emt 0:00:16]} 21. Rac1 {[%emt 0:00:59]} Qb4 {[%emt 0:00:21]} 22. Ne2 {[%emt 0:00:39]} Qd6 {[%emt 0:00:28]} 23. Rh3 {[%emt 0:00:28]} Ne6 {[%emt 0:00:18]} 24. Rch1 {[%emt 0:00:58]} c5 {[%emt 0:01:00]} 25. h5 {[%emt 0:00:05]} g5 {[%emt 0:00:27]} 26. dxc5 {[%emt 0:02:13]} Nxc5 {[%emt 0:00:05]} 27. Qf5 {[%emt 0:00:03]} Qe6 {[%emt 0:01:45]} 28. Qxe6 {[%emt 0:00:01]} fxe6 {[%emt 0:00:05]} 29. Rd1 {[%emt 0:00:44]} Nd7 {[%emt 0:00:16]} 30. Nd4 {[%emt 0:00:28]} Bxd4 {[%emt 0:00:57]} 31. exd4 {[%emt 0:00:02]} Nf6 {[%emt 0:00:00]} 32. Rhh1 {[%emt 0:00:11]} Rc8 {[%emt 0:00:01]} 33. Rc1 {[%emt 0:00:12]} g4 {[%emt 0:00:02]} 34. Be2 {[%emt 0:00:02]} Kh7 {[%emt 0:00:01]} 35. Bd3+ {[%emt 0:00:10]} Kh6 {[%emt 0:00:04]} 36. Bg6 {[%emt 0:00:04]} Rf8 {[%emt 0:00:21]} 37. Rce1 {[%emt 0:00:07]} Rc6 {[%emt 0:00:14]} 38. Re2 {[%emt 0:00:03]} Ng8 {[%emt 0:00:10]} 39. Rhe1 {[%emt 0:00:04]} Rf6 {[%emt 0:00:02]} 40. Be8 {[%emt 0:00:20]} Rd6 {[%emt 0:00:01]} 41. Rc1 {[%emt 0:00:04]} Rf8 {[%emt 0:00:08]} 42. Bg6 {[%emt 0:00:02]} Ne7 {[%emt 0:00:10]} 43. Rc7 {[%emt 0:00:10]} Nxg6 {[%emt 0:00:16]} 44. hxg6 {[%emt 0:00:00]} Rb6 {[%emt 0:00:01]} 45. Re1 {[%emt 0:00:13]} Kxg6 {[%emt 0:00:07]} 46. Rh1 {[%emt 0:00:02]} Rf7 {[%emt 0:00:10]} 47. Rc8 {[%emt 0:00:09]} Rc6 {[%emt 0:00:02]} 48. Rxc6 {[%emt 0:00:02]} bxc6 {[%emt 0:00:02]} 49. Rc1 {[%emt 0:00:01]} Rc7 {[%emt 0:00:01]} 50. b4 {[%emt 0:00:19]} Rb7 {[%emt 0:00:20]} 51. a3 {[%emt 0:00:02]} Rb6 {[%emt 0:00:02]} 52. Rc5 {[%emt 0:00:04]} Ra6 {[%emt 0:00:04]} 53. Rc3 {[%emt 0:00:06]} Kf5 {[%emt 0:00:09]} 54. Re3 {[%emt 0:00:01]} Ra4 {[%emt 0:00:03]} 55. Rc3 {[%emt 0:00:13]} a5 {[%emt 0:00:02]} 56. bxa5 {[%emt 0:00:02]} Rxd4 {[%emt 0:00:06]} 57. Rxc6 {[%emt 0:00:02]} Ra4 {[%emt 0:00:01]} 58. a6 {[%emt 0:00:02]} Rxa3 {[%emt 0:00:01]} 59. Kf1 {[%emt 0:00:15]} e5 {[%emt 0:00:03]} 60. Ke2 {[%emt 0:00:04]} Ke4 {[%emt 0:00:01]} 61. Rb6 {[%emt 0:00:05]} Ra2+ {[%emt 0:00:02]} 62. Ke1 {[%emt 0:00:03]} d4 {[%emt 0:00:02]} 63. Kf1 {[%emt 0:00:07]} d3 {[%emt 0:00:06]} 64. Ke1 {[%emt 0:00:01]} Kd4 {[%emt 0:00:15]} 65. Rc6 {[%emt 0:00:08]} Re2+ {[%emt 0:00:12]} 66. Kf1 {[%emt 0:00:03]} Rc2 {[%emt 0:00:10]} 67. a7 {[%emt 0:00:08]} Ra2 {[%emt 0:00:05]} 68. Rc7 {[%emt 0:00:02]} g5 {[%emt 0:00:03]} 69. Ke1 {[%emt 0:00:02]} Ke4 {[%emt 0:00:01]} 70. Kd1 {[%emt 0:00:13]} Kf3 {[%emt 0:00:10]} 71. Rf7+ {[%emt 0:00:02]} Kg2 {[%emt 0:00:03]} 72. Ke1 {[%emt 0:00:01]} e4 {[%emt 0:00:03]} 73. Kd1 {[%emt 0:00:02]} Kf1 {[%emt 0:00:05]} 74. Kc1 {[%emt 0:00:13]} Ke1 {[%emt 0:00:02]} 75. Kb1 {[%emt 0:00:01]} Ra4 {[%emt 0:00:14]} 76. Rd7 {[%emt 0:00:09]} d2 {[%emt 0:00:03]} 77. Kc2 {[%emt 0:00:01]} Ra2+ {[%emt 0:00:02]} 78. Kb3 {[%emt 0:00:06]} Rxa7 {[%emt 0:00:02]} 0-1

[Event "Polgar Challenge 2021"]
[Site "Online"]
[Date "2021.04.04"]
[Round "18.3"]
[White "Lei, Tingjie"]
[Black "Murzin, Volodar"]
[Result "0-1"]
[WhiteElo "2505"]
[BlackElo "2478"]
[Annotator "ChessBase"]
[PlyCount "88"]
[EventDate "2021.04.08"]
[EventType "tourn"]
[EventCountry "NET"]
[SourceTitle "playchess.com"]
[Source "ChessBase"]
[SourceQuality "1"]
[TimeControl "600+5"]

1. d4 {[%emt 0:00:00]} d5 {[%emt 0:00:00]} 2. c4 {[%emt 0:00:00]} c6 {[%emt 0:00:00]} 3. cxd5 {[%emt 0:00:00]} cxd5 {[%emt 0:00:00]} 4. Bf4 {[%emt 0:00:00]} Nc6 {[%emt 0:00:07]} 5. Nc3 {[%emt 0:00:02]} e6 {[%emt 0:00:00]} 6. e3 {[%emt 0:00:02]} Bd6 {[%emt 0:00:02]} 7. Bxd6 {[%emt 0:00:01]} Qxd6 {[%emt 0:00:00]} 8. Qg4 {[%emt 0:00:01]} Kf8 {[%emt 0:00:32]} 9. Nf3 {[%emt 0:00:11]} Nge7 {[%emt 0:00:03]} 10. Qg3 {[%emt 0:00:32]} Nf5 {[%emt 0:00:45]} 11. Qxd6+ {[%emt 0:00:04]} Nxd6 {[%emt 0:00:00]} 12. Rc1 {[%emt 0:00:03]} Bd7 {[%emt 0:00:04]} 13. Nb5 {[%emt 0:00:47]} Ke7 {[%emt 0:00:06]} 14. Nxd6 {[%emt 0:00:07]} Kxd6 {[%emt 0:00:01]} 15. Kd2 {[%emt 0:00:28]} f6 {[%emt 0:00:13]} 16. Bb5 {[%emt 0:00:35]} Rhc8 {[%emt 0:00:07]} 17. h4 {[%emt 0:00:58]} Be8 {[%emt 0:00:57]} 18. Bd3 {[%emt 0:00:18]} h6 {[%emt 0:00:52]} 19. g4 {[%emt 0:00:28]} Nb4 {[%emt 0:00:21]} 20. Bb1 {[%emt 0:00:05]} Rxc1 {[%emt 0:00:04]} 21. Rxc1 {[%emt 0:00:03]} Nc6 {[%emt 0:00:05]} 22. Rg1 {[%emt 0:00:45]} Ne7 {[%emt 0:00:11]} 23. g5 {[%emt 0:00:43]} Bh5 {[%emt 0:00:42]} 24. Ne1 {[%emt 0:00:23]} Rg8 {[%emt 0:01:26]} 25. Bh7 {[%emt 0:00:38]} Rf8 {[%emt 0:00:12]} 26. Nd3 {[%emt 0:02:15]} fxg5 {[%emt 0:02:10]} 27. hxg5 {[%emt 0:00:04]} g6 {[%emt 0:01:44]} 28. Nf4 {[%emt 0:00:03]} hxg5 {[%emt 0:00:40]} 29. Rxg5 {[%emt 0:00:12]} Rf7 {[%emt 0:00:02]} 30. Bxg6 {[%emt 0:00:21]} Bxg6 {[%emt 0:00:04]} 31. Nxg6 {[%emt 0:00:02]} Rxf2+ {[%emt 0:00:05]} 32. Kc3 {[%emt 0:00:01]} Nf5 {[%emt 0:00:14]} 33. Rh5 {[%emt 0:01:03]} Nxe3 {[%emt 0:00:26]} 34. Rh7 {[%emt 0:00:10]} Nd1+ {[%emt 0:00:04]} 35. Kd3 {[%emt 0:00:02]} Nxb2+ {[%emt 0:00:03]} 36. Ke3 {[%emt 0:00:01]} Rg2 {[%emt 0:00:18]} 37. Ne5 {[%emt 0:00:23]} Nc4+ {[%emt 0:00:06]} 38. Nxc4+ {[%emt 0:00:01]} dxc4 {[%emt 0:00:01]} 39. Rxb7 {[%emt 0:00:03]} Rxa2 {[%emt 0:00:05]} 40. Rb4 {[%emt 0:00:06]} c3 {[%emt 0:00:13]} 41. Rc4 {[%emt 0:00:29]} Rh2 {[%emt 0:00:06]} 42. Kd3 {[%emt 0:00:45]} c2 {[%emt 0:00:02]} 43. Rc8 {[%emt 0:00:02]} a5 {[%emt 0:00:04]} 44. Rc4 {[%emt 0:00:09]} a4 {[%emt 0:00:05]} 0-1

[Event "Polgar Challenge 2021"]
[Site "Online"]
[Date "2021.04.04"]
[Round "18.4"]
[White "Yip, Carissa"]
[Black "Abdusattorov, Nodirbek"]
[Result "0-1"]
[WhiteElo "2430"]
[BlackElo "2627"]
[Annotator "TA"]
[PlyCount "70"]
[EventDate "2021.04.08"]
[EventType "tourn"]
[EventCountry "NET"]
[SourceTitle "playchess.com"]
[Source "ChessBase"]
[SourceQuality "1"]

{[%evp 28,70,32,0,7,0,-22,-29,-30,-127,-124,-127,-122,-125,-116,-127,-77,-220,-125,-259,-259,-245,-257,-254,-256,-656,-651,-656,-671,-600,0,0,298,-724,-717,-708,-693,-725,-727,-797,-794,-919,-885,-1160,-1133]} 1. e4 c6 2. d4 d5 3. Nd2 dxe4 4. Nxe4 Bf5 5. Ng3 Bg6 6. Nf3 Nd7 7. h4 h6 8. h5 Bh7 9. Bd3 Bxd3 10. Qxd3 e6 11. Bd2 Ngf6 12. O-O-O Be7 13. Kb1 O-O 14. Ne4 c5 15. dxc5 (15. g4 $5) 15... Nxc5 {B19: Classical Caro-Kann: 4...Bf5 main line.} 16. Nxc5 Bxc5 17. Qe2 {aiming for Bxh6!} Qb6 {[#] Black has an edge.} 18. c4 $146 (18. Ne5 $11) ({Predecessor:} 18. Ne5 Rfd8 19. f4 Rac8 20. g4 Bd4 21. c3 Bxe5 22. fxe5 Nd5 23. Qf3 Qc6 24. Rhf1 Rd7 25. g5 Rcd8 26. gxh6 Nxc3+ 27. bxc3 Rxd2 28. Qxf7+ {1-0 (28) Womacka,M (2435)-Rozum,I (2566) chess.com INT 2020}) 18... Ng4 $17 19. Rhf1 Nxf2 20. Rde1 Rad8 $40 {[%mdl 128] Strongly threatening ...Nd3! Black attacks with force.} 21. Bc3 Rfe8 22. g4 (22. Nd2 $17) 22... Rd3 (22... Nxg4 $19 23. Nd2 f5) 23. Bxg7 Kxg7 $19 24. g5 e5 {White must now prevent ...e4.} 25. gxh6+ Qxh6 (25... Kxh6 26. Nxe5 Qf6 27. Qxd3 $11) 26. Rg1+ $2 (26. Nxe5 f6 27. Rxf2 Rxe5 {[%mdl 64] Double Attack} 28. Rg1+ Rg5 29. Rxg5+ Qxg5 30. h6+ Kxh6 31. Rxf6+ (31. Rh2+ $2 Kg7 $19) 31... Qxf6 32. Qxd3) 26... Kf8 27. Nxe5 {[#] Nd7+! would kill now.} Re7 {[%mdl 512]} 28. Qc2 (28. Ka1 Re3) 28... Rd2 (28... Re3 $19 29. Qf5 R7xe5 30. Qc8+ Ke7 31. Qxb7+ Kf6) 29. Qf5 $11 {Intending Qc8+ and mate.} Qb6 $2 {[%mdl 8192]} (29... Rc7 30. Ng6+ (30. Nxf7 $2 Rxb2+ {[%mdl 64] Clearance} 31. Kxb2 Qd2+ 32. Qc2 Nd3+ {[%mdl 64] Double Attack, Discovered Attack} 33. Kb1 Qxc2+ 34. Kxc2 Nxe1+ 35. Rxe1 Kxf7 $19) 30... Qxg6 31. hxg6 Bd4 32. g7+ (32. gxf7 $2 {leads to mate.} Rxb2+ 33. Kc1 Rxc4+ 34. Qc2 Rcxc2#) 32... Bxg7 33. Qh7 Re7 34. Qxg7+ Ke8 35. Rxe7+ Kxe7 36. Qg5+ {[%mdl 64] Double Attack} f6 37. Re1+ Kd7 38. Qxd2+ {[%mdl 64] Double Attack}) (29... Rxb2+ $11 30. Kxb2 Qd2+ 31. Kb3 (31. Kb1 Qb4+ 32. Kc2 Qa4+ {[%mdl 64] Double Attack} 33. Kc3 Qa3+ 34. Kc2 Qxa2+ 35. Kc3 Qa3+ 36. Kc2 Qa2+ 37. Kc3 Bd4+ {[%mdl 64] Decoy} 38. Kxd4 Qd2+ 39. Kc5 Rc7+ 40. Kb5 a6+ 41. Kb6 Qd6+ 42. Nc6 Qxc6+ {[%mdl 64] Double Attack} 43. Ka5 b6+ 44. Kb4 Qxc4+ 45. Ka3 Qc3+ 46. Ka2 Rc5 $19) 31... Qb4+ 32. Kc2 Qa4+ {[%mdl 64] Double Attack} 33. Kc1 (33. Kb1 Qb4+ 34. Kc2 Qa4+ {[%mdl 64] Double Attack} 35. Kc1 Qa3+ 36. Kb1 Qb4+ 37. Kc2 $11) 33... Qa3+ 34. Kb1 Qb4+ 35. Kc2 Qa4+ {[%mdl 64] Double Attack} 36. Kc1 (36. Kb1 Qb4+ 37. Kc2 $11) 36... Qa3+ 37. Kb1 Qb4+ 38. Kc2) 30. Qc8+ $4 {[%mdl 8192]} (30. b3 $18 Ne4 31. Rxe4) 30... Rd8 $19 {Black is clearly winning.} 31. Qf5 {[#]} Nd3 $1 {[%mdl 576] Discovered Attack} 32. Nxd3 (32. Ng6+ Ke8) 32... Bxg1 33. Rxe7 Kxe7 34. h6 Qxh6 35. Qe5+ Kf8 {Weighted Error Value: White=0.95/Black=0.71} 0-1

[Event "Polgar Challenge 2021"]
[Site "Online"]
[Date "2021.04.04"]
[Round "18.5"]
[White "Praggnanandhaa R"]
[Black "Khademalsharieh, Sarasadat"]
[Result "1-0"]
[WhiteElo "2608"]
[BlackElo "2494"]
[Annotator "TA"]
[PlyCount "123"]
[EventDate "2021.04.08"]
[EventType "tourn"]
[EventCountry "NET"]
[SourceTitle "playchess.com"]
[Source "ChessBase"]
[SourceQuality "1"]

{[%evp 9,123,16,29,31,52,44,49,43,50,28,23,28,31,20,54,25,30,12,42,21,18,14,24,12,15,13,23,26,93,35,46,25,29,12,21,0,28,22,31,0,10,10,18,0,0,0,0,0,0,0,0,0,0,0,8,15,106,108,106,114,114,0,0,0,124,124,342,252,260,262,299,268,340,340,340,318,606,622,613,599,555,475,448,429,417,346,469,458,1148,1134,1091,1069,1991,1219,1964,1916,1804,1751,1573,1325,1826,950,1455,1410,1255,1254,1041,952,921,898,1922,1861,1860,1767,1140,884]} 1. Nf3 d5 2. g3 g6 3. Bg2 c6 4. d4 Nd7 5. b3 {[#]} Nh6 $146 ({Predecessor:} 5... Bg7 6. Bb2 Ngf6 7. O-O O-O 8. Nbd2 Qc7 9. Re1 e5 10. dxe5 Ng4 11. h3 Ngxe5 12. Nxe5 Nxe5 {1-0 (22) Manthey,W (1637)-Gehrmann,R (1964) Halberstadt 2015}) 6. O-O {A07: Réti Opening: New York and Capablanca Systems.} Nf5 7. Bb2 Bg7 8. c4 {White is slightly better.} O-O 9. cxd5 cxd5 10. Nc3 Nf6 11. Ne5 Be6 12. Na4 Nd7 13. Qd2 Rc8 14. Rac1 Rxc1 15. Rxc1 Nxe5 16. dxe5 b6 17. e3 Qb8 18. f4 h5 (18... Rd8 $1 $11) 19. Nc3 (19. Rc3 $16) 19... Rd8 $14 20. Nb5 (20. Nxd5 Bxd5 21. Bxd5 e6 $17) 20... Bd7 21. Nd4 (21. Qxd5 $2 Nxe3 22. Qe4 Nxg2 $19) (21. Na3 {keeps more tension.} Qb7 22. Bf1 Bf8 23. Bd3 Ng7 24. Nb5) 21... Nxd4 22. exd4 e6 23. Ba3 Rc8 24. Bf1 Rxc1 25. Qxc1 Bf8 26. Bxf8 Qxf8 27. Qc7 {[%mdl 64] [#] Double Attack} Qb4 28. Qxd7 {Strongly threatening Kg2.} Qxd4+ 29. Kg2 Qe4+ 30. Kf2 Qd4+ 31. Ke2 {Threatens to win with Qc8+.} Qb2+ 32. Kf3 Qc3+ (32... Qxa2 $11 {remains equal.} 33. Qb5 Qxh2) 33. Kg2 $16 {aiming for Qd8+.} Qc2+ 34. Kg1 Qc5+ 35. Kg2 Qc2+ 36. Kg1 Qc5+ $1 37. Kh1 a6 $2 {Black cannot hold the game after this.} (37... Qc2 $16) 38. Qb7 ({And not} 38. Bxa6 Qc1+ 39. Kg2 Qc2+ 40. Kh3 Qf5+ 41. Kg2 Qc2+ 42. Kf3 Qc3+ 43. Kf2 (43. Kg2 Qc2+ $11) 43... Qc5+ 44. Kf3 Qc3+ 45. Kf2 (45. Kg2 Qc2+ $11) 45... Qc5+ 46. Kg2 Qc2+ $11) 38... a5 39. Qa6 Qc1 40. Qd3 Qb2 41. a4 Qc1 42. Kg2 g5 $2 (42... Kg7 43. Be2 Qe1) 43. fxg5 $18 Qxg5 44. Qd4 Qc1 45. Qxb6 Qb2+ 46. Kg1 Qxe5 47. Qc5 Qb2 48. Qe3 {White is clearly winning.} d4 (48... Qg7 $142 49. b4 axb4) 49. Qg5+ {[%mdl 64] [#] Double Attack} Kf8 50. Qxa5 h4 51. Qd8+ Kg7 52. Qg5+ Kf8 53. Qxh4 Qd2 54. Qe4 Qb4 55. Qd3 e5 56. Qb5 Qe1 57. Qe2 Qa5 58. Bg2 Qc5 59. Qc4 Qa3 60. Be4 Qa1+ 61. Kg2 Qe1 62. Qc2 {Weighted Error Value: White=0.17/Black=0.26} 1-0

[Event "Polgar Challenge 2021"]
[Site "Online"]
[Date "2021.04.04"]
[Round "18.6"]
[White "Salimova, Nurgyul"]
[Black "Abdumalik, Zhansaya"]
[Result "1-0"]
[WhiteElo "2397"]
[BlackElo "2472"]
[Annotator "ChessBase"]
[PlyCount "79"]
[EventDate "2021.04.08"]
[EventType "tourn"]
[EventCountry "NET"]
[SourceTitle "playchess.com"]
[Source "ChessBase"]
[SourceQuality "1"]
[TimeControl "600+5"]

1. d4 {[%emt 0:00:00]} Nf6 {[%emt 0:00:00]} 2. Nf3 {[%emt 0:00:00]} g6 {[%emt 0:00:00]} 3. Nbd2 {[%emt 0:00:01]} d5 {[%emt 0:00:00]} 4. e3 {[%emt 0:00:17]} Bg7 {[%emt 0:00:03]} 5. b4 {[%emt 0:00:14]} a5 {[%emt 0:00:22]} 6. b5 {[%emt 0:00:08]} c5 {[%emt 0:00:18]} 7. bxc6 {[%emt 0:00:29]} Nxc6 {[%emt 0:01:10]} 8. Be2 {[%emt 0:01:29]} O-O {[%emt 0:00:24]} 9. O-O {[%emt 0:00:09]} Bf5 {[%emt 0:00:05]} 10. a3 {[%emt 0:01:12]} Rc8 {[%emt 0:00:18]} 11. c4 {[%emt 0:00:48]} Re8 {[%emt 0:01:29]} 12. Bb2 {[%emt 0:00:26]} Qb6 {[%emt 0:00:22]} 13. Ra2 {[%emt 0:00:29]} dxc4 {[%emt 0:00:50]} 14. Bxc4 {[%emt 0:00:40]} h6 {[%emt 0:00:27]} 15. d5 {[%emt 0:01:13]} Nb8 {[%emt 0:00:05]} 16. Bd4 {[%emt 0:00:07]} Qd8 {[%emt 0:01:12]} 17. Qb3 {[%emt 0:00:18]} Ne4 {[%emt 0:00:09]} 18. Bxg7 {[%emt 0:00:26]} Kxg7 {[%emt 0:00:13]} 19. Nd4 {[%emt 0:00:17]} Nc5 {[%emt 0:01:03]} 20. Nxf5+ {[%emt 0:00:04]} gxf5 {[%emt 0:00:01]} 21. Qb2+ {[%emt 0:00:08]} f6 {[%emt 0:00:12]} 22. Nf3 {[%emt 0:00:37]} Rg8 {[%emt 0:00:56]} 23. Nd4 {[%emt 0:00:09]} Qd7 {[%emt 0:00:01]} 24. Qb1 {[%emt 0:00:34]} Ne4 {[%emt 0:00:08]} 25. Rc2 {[%emt 0:00:14]} Na6 {[%emt 0:00:28]} 26. Rfc1 {[%emt 0:00:24]} Nac5 {[%emt 0:00:13]} 27. Bb5 {[%emt 0:00:18]} Qxd5 {[%emt 0:00:21]} 28. f3 {[%emt 0:00:26]} Ng5 {[%emt 0:00:12]} 29. Bc4 {[%emt 0:00:26]} Qe5 {[%emt 0:00:04]} 30. Re2 {[%emt 0:00:04]} Nge6 {[%emt 0:00:28]} 31. f4 {[%emt 0:00:16]} Nxf4 {[%emt 0:00:36]} 32. Nxf5+ {[%emt 0:00:01]} Kh8 {[%emt 0:00:18]} 33. exf4 {[%emt 0:00:03]} Qxf4 {[%emt 0:00:00]} 34. Bxg8 {[%emt 0:00:02]} Rxg8 {[%emt 0:00:09]} 35. Rxc5 {[%emt 0:00:04]} e6 {[%emt 0:00:01]} 36. Qf1 {[%emt 0:00:08]} Qg4 {[%emt 0:00:07]} 37. Nxh6 {[%emt 0:00:07]} Qd4+ {[%emt 0:00:01]} 38. Kh1 {[%emt 0:00:05]} Rg6 {[%emt 0:00:01]} 39. Rc8+ {[%emt 0:00:10]} Kg7 {[%emt 0:00:04]} 40. Rg8+ {[%emt 0:00:03]} 1-0